000 00837nam a2200169 a 4500
001 000033928
005 20200930070631.0
008 110914s1989 es 000 0 spa d
020 _a8400069293
111 2 _aColoquio Hispano-Francés de Historia Contemporánea
_n(2 : 16-18 de junio
_d1986 :
_cAix-en-Provence)
_959372
245 1 0 _aEspaña, Francia y la comunidad europea :
_bactas del Segundo Coloquio Hispano-Francés de Historia Contemporánea /
_cedición a cargo de Jean-Pierre Etienvre, José Ramón Urquijo Goitia.
260 _aMadrid :
_bCasa de Velázquez :
_bConsejo Superior de Investigaciones Científicas, Departamento de Historia Contemporánea,
_c1989.
300 _a286 p. :
_bil. ;
_c24 cm.
700 1 _aEtienvre, Jean-Pierre
_eed.
_959373
700 1 _aUrquijo y Goitia, José Ramón de.
_eed.
_959374
999 _c33419
_d33419
040 _aDO-SdBNP